Administração para Empreendedores (Record no. 17287)
[ view plain ]
| 000 -LEADER | |
|---|---|
| fixed length control field | 00617nam a22001577a 4500 |
| 008 - FIXED-LENGTH DATA ELEMENTS--GENERAL INFORMATION | |
| fixed length control field | 121002t xxu||||| |||| 00| 0 eng d |
| 020 ## - INTERNATIONAL STANDARD BOOK NUMBER | |
| International Standard Book Number | 978-85-7605-088-9 |
| 080 ## - UNIVERSAL DECIMAL CLASSIFICATION NUMBER | |
| Universal Decimal Classification number | 334,72 |
| 100 ## - MAIN ENTRY--PERSONAL NAME | |
| Personal name | MAXIMIANO, Antonio cesar Amaru |
| 9 (RLIN) | 214 |
| 245 ## - TITLE STATEMENT | |
| Title | Administração para Empreendedores |
| Remainder of title | fundamentos da criação e dagestão de novos negocios |
| Statement of responsibility, etc | Antonio cesar Amaru Maximiano |
| 260 ## - PUBLICATION, DISTRIBUTION, ETC. (IMPRINT) | |
| Place of publication, distribution, etc | São paulo |
| Name of publisher, distributor, etc | Pearson |
| Date of publication, distribution, etc | 2010 |
| 300 ## - PHYSICAL DESCRIPTION | |
| Extent | 212 p. |
| Other physical details | |
| Accompanying material | |
| Dimensions | |
| Type of unit | |
| Size of unit | |
| 300 ## - PHYSICAL DESCRIPTION | |
| Dimensions | |
| Type of unit | |
| Size of unit | |
| Other physical details | |
| Accompanying material | |
| 650 ## - SUBJECT ADDED ENTRY--TOPICAL TERM | |
| Topical term or geographic name as entry element | Espirito Empreendedor |
| 9 (RLIN) | 5585 |
| General subdivision | Administracao Publica |
| 942 ## - ADDED ENTRY ELEMENTS (KOHA) | |
| Item type | Books |
| Withdrawn status | Lost status | Source of classification or shelving scheme | Damaged status | Not for loan | Collection code | Home library | Current library | Shelving location | Date acquired | Total Checkouts | Full call number | Barcode | Checked out | Date last seen | Date last borrowed | Copy number | Price effective from | Koha item type |
|---|---|---|---|---|---|---|---|---|---|---|---|---|---|---|---|---|---|---|
| Universal Decimal Classification | Non-fiction | Nampula - Direito | Nampula - Direito | General Stacks | 02/10/2012 | 2 | 334.72 | 146889 | 27/09/2017 | 06/09/2017 | 06/09/2017 | 1 | 02/10/2012 | Books | ||||
| Universal Decimal Classification | Non-fiction | Nampula - Direito | Nampula - Direito | General Stacks | 02/10/2012 | 1 | 334.72 | 146890 | 17/10/2022 | 22/03/2017 | 2 | 02/10/2012 | Books |
